Normal view
MARC view
- Escobar Roca, Guillermo
Entry Nombre Personal
001 - NUMERO DE CONTROL
- campo de control: 41629
003 - IDENTIFICADOR DE NUMERO DE CONTROL
- campo de control: UPN
005 - FECHA Y HORA DE LA ÜLTIMA TRANSACCIÓN
- campo de control: 20210219194610.0
008 - DATOS DE LONGITUD FIJA
- campo de control de longitud fija: nabaccnnaabn|||||||||| b |nc|||||d
035 ## - NUMERO DE CONTROL
- Número de control: UPN11000013736
040 ## - FUENTE DE CATALOGACIÓN
- Lenguaje de catalogación: SPA
- Agencia de transcripción: UPN
100 1# - ENCABEZAMIENTO - NOMBRE PERSONAL
- Nombre personal: Escobar Roca, Guillermo
400 1# - VEÁSE - NOMBRE DE PERSONA
- Personal name: Escobar, Guillermo
670 ## - FUENTE EN LA QUE SE LOCALIZARON DATOS
- Cita de la fuente: LC
680 ## - NOTA PUBLICA DE ACCESO PÚBLICO
- Frase explicativa de la referencia: Abogado y profesor español, coordinador académico del Programa Regional de Apoyo a las Defensorías del Pueblo en Iberoamérica y miembro de la Federación Iberoamericana de Ombudsman
902 ## - CATALOGADOR
- Catalogador: CAA/160818
